|
|
|
|
| LEADER |
00000nab a2200000 a 4500 |
| 001 |
vtls000604135 |
| 003 |
SK-MaSNL |
| 005 |
20260304175116.0 |
| 008 |
250425c1996 xo 0 slo |
| 015 |
|
|
|a SNBRB19rr/mm-uuuuu
|
| 035 |
|
|
|a CL0604274
|
| 035 |
|
|
|a urn:nbn:sk:snk-ab1prt
|
| 035 |
|
|
|a (urnnbn)urn:nbn:sk:snk:ar-004wf4
|
| 035 |
|
|
|a (uuid)0e89ff8c-21bd-4dea-8d73-25edbd3c0401
|
| 040 |
|
|
|a SNKBUCL
|b slo
|c SNKBUCL
|e AACR2
|
| 041 |
0 |
|
|a slo
|
| 044 |
|
|
|a xo
|c SK
|
| 080 |
|
|
|a 615.06:618.2
|2 1981
|
| 080 |
|
|
|a 618.2
|2 1981
|
| 100 |
1 |
|
|a Tomo, I.
|4 aut
|9 783730
|
| 245 |
1 |
0 |
|a Vedľajšie účinky farmák v gravidite
|c I. Tomo, E. Pagáčová
|
| 300 |
|
|
|b Res. angl., slov., lit. 14 zázn. v angl.
|
| 650 |
0 |
7 |
|a tehotenstvo
|2 snkbucl
|9 2477
|
| 650 |
0 |
7 |
|a lieky
|2 snkbucl
|9 2515
|
| 655 |
|
7 |
|a články z novín a časopisov
|2 snkbucl
|9 267496
|
| 700 |
1 |
|
|a Pagáčová, E.
|4 aut
|9 783731
|
| 773 |
0 |
|
|t Farmaceutický obzor
|g Roč. 65, č. 10 (1996), s. 235-237
|x 0014-8172
|
| 850 |
|
|
|a Slovenská národná knižnica
|
| 852 |
|
|
|a Slovenská národná knižnica
|
| 954 |
|
|
|a odborná, vedecká literatúra pôvodná (slovenská)
|2 lita
|
| 958 |
|
|
|a article27
|
| 958 |
|
|
|a OND
|
| 958 |
|
|
|a NB
|
| 958 |
|
|
|a MI
|
| 958 |
|
|
|a RK
|
| 958 |
|
|
|a EUIPO
|
| 992 |
|
|
|a RBX
|
| 999 |
|
|
|c 3012011
|d 3013941
|